000 00978nam a2200217 a 4500
001 000079067
003 AM-YeHGA
005 20250617161159.0
008 030329s1967 ||||| |||||||||||||rus|c
040 _aAM-YeHGA
245 0 0 _aГеоморфология Восточной Якутии /
_cБ.С. Русанов, З.Ф. Бороденкова, В.Ф. Гончаров, О.В. Гриненко и др. ; Отв. ред. Н.А. Граве ; АН СССР. Якутский филиал Сибирского Отделения. Ин-т геологии.
260 _aЯкутск :
_bЯкутское кн. изд-во,
_c1967.
300 _a375 с.
650 1 4 _aГеоморфология
700 1 _aРусанов, Б.С.
700 1 _aГончаров, В.Ф.
700 1 _aГриненко, О.В.
700 1 _aГраве, Н.А.
_eред.
_4edt
710 2 _aИнститут геологии Якутского фил. СО АН СССР
090 _c470300
999 _c467074
_d467074